000 00872cam a2200217 a 4500
001 000015870
005 20200929164201.0
008 750808s1947 sp 001 0 spa d
040 _aDO-SdBNP
_bspa
_cLC
_dBNPHU
050 0 0 _aE123
_b.C701
082 _ann*
_bS296i
100 1 _aSchafer, Ernst,
_d1872-1946.
_935742
245 1 0 _aÍndice de la colección de documentos ineditos de Indias /
_cErnesto Schäfer ; edición Pacheco, Cárdenas, Torres de Mendoza y otros (1. ser., tomos 1-42) y la Real Academia de la Historia (2. ser., tomos 1-25).
260 _aMadrid :
_bConsejo Superior de Investigaciones Cientificas, Instituto "Gonzalo Fernández de Oviedo",
_c1947.
300 _av. ;
_c25 cm.
700 1 _aPacheco,
_eed.
_935743
700 1 _aCárdenas,
_eed.
_935744
700 1 _aTorres de Mendoza,
_eed.
_935745
910 _aCatalogación derivada
049 _aBNGR
999 _c15412
_d15412